Т. 2 : Электричество и магнетизм; Курс общей физики

Podrobná bibliografie
Parent link:Курс общей физики: учебное пособие для втузов/ Г. А. Зисман, О. М. Тодес. Т. 2 : Электричество и магнетизм.— 3-е изд..— , 1967-1968
Jazyk:ruština
Vydáno: 1967
Témata:
Médium: Kniha
KOHA link:https://koha.lib.tpu.ru/cgi-bin/koha/opac-detail.pl?biblionumber=40324

MARC

LEADER 00000nam2a2200000 4500
001 40324
005 20231101210619.0
035 |a (RuTPU)RU\TPU\book\41368 
035 |a RU\TPU\book\41367 
090 |a 40324 
100 |a 20020513d1967 m y0rusy50 ca 
101 0 |a rus 
102 |a RU 
105 |a a j 001zy 
200 0 |a Т. 2 : Электричество и магнетизм 
210 |d 1967 
215 |a 366 с.  |c ил. 
320 |a Предм. указ.: с. 362-366 
451 1 |0 (RuTPU)RU\TPU\book\55532  |t Т. 2 : Электричество и магнетизм  |d 1969  |p 366 с. 
461 1 |0 (RuTPU)RU\TPU\book\41360  |t Курс общей физики  |o учебное пособие для втузов  |f Г. А. Зисман, О. М. Тодес  |v Т. 2 : Электричество и магнетизм  |e 3-е изд.  |d 1967-1968 
606 |a Физика  |2 stltpush  |3 (RuTPU)RU\TPU\subj\63709  |9 80688 
606 |a Электричество и магнетизм  |2 stltpush  |3 (RuTPU)RU\TPU\subj\71197  |9 85222 
610 1 |a механика 
610 1 |a молекулярная физика 
610 1 |a электричество 
610 1 |a магнетизм 
610 1 |a учебные пособия 
675 |a 53(075.8)  |v 3 
675 |a 537(075.8)  |v 3 
801 1 |a RU  |b 63413507  |c 20020513  |g PSBO 
801 2 |a RU  |b 63413507  |c 20140417  |g PSBO 
942 |c BK